000 00351nam a2200121Ia 4500
005 20251222141844.0
008 251222s9999||||xx |||||||||||||| ||spa||
082 _a338.16/C28
100 _aCarrasco, Alfonso
245 0 _aCambio Tecnológico en Poblaciones Rurales Andinas
264 _bGrupo para el Desarrollo de Tecnología Intermedia
942 _cLIB
999 _c7529
_d7529